[Event "ODJM B 2025"]
[Site "Willingen GER"]
[Date "2025.06.08"]
[Round "1"]
[White "de Cauter, Leah"]
[Black "Engelhaupt, Henry"]
[Result "0-1"]
[Termination "normal"]
[Board "22"]
[WhiteElo "1649"]
[BlackElo "1825"]
[WhiteClock "00:03:40"]
[BlackClock "00:49:20"]
[PlyCount "76"]
[WhiteFideId "16222350"]
[BlackFideId "34644814"]
[EventCountry "GER"]
[EventRounds "9"]
[EventType "swiss"]
[EventDate "2025.06.07"]

1. c4 {[%clk 01:30:55]} {[%emt 00:00:05]} e5 {[%clk 01:30:53]} {[%emt
00:00:07]} 2. g3 {[%clk 01:31:17]} {[%emt 00:00:08]} Nf6 {[%clk 01:31:19]}
{[%emt 00:00:04]} 3. Bg2 {[%clk 01:31:38]} {[%emt 00:00:10]} d5 {[%clk
01:31:43]} {[%emt 00:00:06]} 4. cxd5 {[%clk 01:31:21]} {[%emt 00:00:47]} Nxd5
{[%clk 01:32:05]} {[%emt 00:00:08]} 5. Nc3 {[%clk 01:26:29]} {[%emt 00:05:22]}
Nb6 {[%clk 01:32:28]} {[%emt 00:00:07]} 6. Nf3 {[%clk 01:22:06]} {[%emt
00:04:52]} Nc6 {[%clk 01:32:51]} {[%emt 00:00:08]} 7. O-O {[%clk 01:21:29]}
{[%emt 00:01:07]} Be7 {[%clk 01:33:07]} {[%emt 00:00:14]} 8. b3 {[%clk
01:14:12]} {[%emt 00:07:47]} O-O {[%clk 01:31:55]} {[%emt 00:01:41]} 9. Bb2
{[%clk 01:14:11]} {[%emt 00:00:31]} f6 {[%clk 01:28:49]} {[%emt 00:03:36]} 10.
d3 {[%clk 01:03:56]} {[%emt 00:10:45]} Be6 {[%clk 01:28:24]} {[%emt 00:00:56]}
11. Qc1 {[%clk 00:45:20]} {[%emt 00:19:05]} Nd5 {[%clk 01:19:25]} {[%emt
00:09:30]} 12. Ne4 {[%clk 00:41:11]} {[%emt 00:04:39]} Qd7 {[%clk 01:15:54]}
{[%emt 00:04:01]} 13. Nc5 {[%clk 00:36:12]} {[%emt 00:05:28]} Bxc5 {[%clk
01:16:16]} {[%emt 00:00:09]} 14. Qxc5 {[%clk 00:36:09]} {[%emt 00:00:33]} Rad8
{[%clk 01:15:30]} {[%emt 00:01:16]} 15. Qc2 {[%clk 00:28:13]} {[%emt 00:08:21]}
Bh3 {[%clk 01:14:03]} {[%emt 00:02:01]} 16. Qc4 {[%clk 00:25:56]} {[%emt
00:02:46]} Kh8 {[%clk 01:11:19]} {[%emt 00:03:16]} 17. Rac1 {[%clk 00:24:34]}
{[%emt 00:01:52]} Rfe8 {[%clk 01:09:57]} {[%emt 00:01:51]} 18. Rfd1 {[%clk
00:21:30]} {[%emt 00:03:34]} Bxg2 {[%clk 01:08:19]} {[%emt 00:02:09]} 19. Kxg2
{[%clk 00:21:54]} {[%emt 00:00:06]} Nb6 {[%clk 01:05:45]} {[%emt 00:03:04]} 20.
Qc3 {[%clk 00:18:57]} {[%emt 00:03:24]} Qg4 {[%clk 01:04:33]} {[%emt 00:01:44]}
21. h3 {[%clk 00:15:32]} {[%emt 00:03:55]} Qg6 {[%clk 00:59:26]} {[%emt
00:05:37]} 22. Qe1 {[%clk 00:13:44]} {[%emt 00:02:18]} Nd5 {[%clk 00:57:23]}
{[%emt 00:02:33]} 23. Kh2 {[%clk 00:11:32]} {[%emt 00:02:42]} e4 {[%clk
00:55:28]} {[%emt 00:02:25]} 24. dxe4 {[%clk 00:10:48]} {[%emt 00:01:14]} Qxe4
{[%clk 00:55:44]} {[%emt 00:00:14]} 25. Rd2 {[%clk 00:09:15]} {[%emt 00:02:03]}
Rd6 {[%clk 00:52:43]} {[%emt 00:03:31]} 26. Ba3 {[%clk 00:08:34]} {[%emt
00:01:11]} Rde6 {[%clk 00:52:12]} {[%emt 00:01:01]} 27. Rc4 {[%clk 00:07:11]}
{[%emt 00:01:53]} Qxf3 {[%clk 00:51:48]} {[%emt 00:00:54]} 28. exf3 {[%clk
00:06:14]} {[%emt 00:01:27]} Rxe1 {[%clk 00:52:12]} {[%emt 00:00:06]} 29. Rxd5
{[%clk 00:06:11]} {[%emt 00:00:33]} R1e2 {[%clk 00:52:25]} {[%emt 00:00:17]}
30. Kg2 {[%clk 00:05:49]} {[%emt 00:00:52]} Rxa2 {[%clk 00:52:49]} {[%emt
00:00:06]} 31. Bc5 {[%clk 00:05:53]} {[%emt 00:00:26]} h6 {[%clk 00:50:48]}
{[%emt 00:02:31]} 32. Be3 {[%clk 00:05:16]} {[%emt 00:01:07]} Rxe3 {[%clk
00:50:38]} {[%emt 00:00:40]} 33. b4 {[%clk 00:03:06]} {[%emt 00:02:40]} Ree2
{[%clk 00:50:16]} {[%emt 00:00:52]} 34. g4 {[%clk 00:02:56]} {[%emt 00:00:40]}
Rxf2+ {[%clk 00:50:29]} {[%emt 00:00:17]} 35. Kg3 {[%clk 00:03:21]} {[%emt
00:00:05]} Ne5 {[%clk 00:48:52]} {[%emt 00:02:06]} 36. Rxc7 {[%clk 00:03:10]}
{[%emt 00:00:43]} Rxf3+ {[%clk 00:49:02]} {[%emt 00:00:19]} 37. Kh4 {[%clk
00:03:33]} {[%emt 00:00:08]} g5+ {[%clk 00:49:27]} {[%emt 00:00:04]} 38. Kh5
{[%clk 00:03:40]} {[%emt 00:00:23]} Rxh3# {[%clk 00:49:20]} {[%emt 00:00:06]}
0-1

[Event "ODJM B 2025"]
[Site "Willingen GER"]
[Date "2025.06.08"]
[Round "1"]
[White "Han, Erdem"]
[Black "Hladeniuk, Yelyzaveta"]
[Result "1/2-1/2"]
[Termination "normal"]
[Board "23"]
[WhiteElo "1765"]
[BlackElo "1642"]
[WhiteClock "00:02:10"]
[BlackClock "00:01:20"]
[PlyCount "62"]
[WhiteFideId "533000646"]
[BlackFideId "34176128"]
[EventCountry "GER"]
[EventRounds "9"]
[EventType "swiss"]
[EventDate "2025.06.07"]

1. d4 {[%clk 01:30:59]} {[%emt 00:00:01]} Nf6 {[%clk 01:30:55]} {[%emt
00:00:05]} 2. c4 {[%clk 01:31:23]} {[%emt 00:00:06]} e6 {[%clk 01:31:21]}
{[%emt 00:00:04]} 3. Nc3 {[%clk 01:31:39]} {[%emt 00:00:13]} Bb4 {[%clk
01:31:00]} {[%emt 00:00:51]} 4. e3 {[%clk 01:32:02]} {[%emt 00:00:08]} d5
{[%clk 01:30:48]} {[%emt 00:00:41]} 5. a3 {[%clk 01:29:27]} {[%emt 00:03:06]}
Bxc3+ {[%clk 01:29:40]} {[%emt 00:01:38]} 6. bxc3 {[%clk 01:29:55]} {[%emt
00:00:01]} O-O {[%clk 01:29:28]} {[%emt 00:00:42]} 7. Bd3 {[%clk 01:29:01]}
{[%emt 00:01:24]} dxc4 {[%clk 01:29:08]} {[%emt 00:00:51]} 8. Bxc4 {[%clk
01:29:17]} {[%emt 00:00:13]} Nbd7 {[%clk 01:27:26]} {[%emt 00:02:12]} 9. Nf3
{[%clk 01:27:54]} {[%emt 00:01:53]} b6 {[%clk 01:20:11]} {[%emt 00:07:45]} 10.
O-O {[%clk 01:27:21]} {[%emt 00:01:03]} Bb7 {[%clk 01:18:24]} {[%emt 00:02:17]}
11. Bb2 {[%clk 01:13:42]} {[%emt 00:14:09]} c5 {[%clk 01:13:10]} {[%emt
00:05:44]} 12. Rc1 {[%clk 01:10:14]} {[%emt 00:03:57]} Bd5 {[%clk 00:55:43]}
{[%emt 00:17:50]} 13. Bxd5 {[%clk 01:03:57]} {[%emt 00:06:55]} Nxd5 {[%clk
00:54:19]} {[%emt 00:01:54]} 14. c4 {[%clk 00:55:53]} {[%emt 00:08:35]} Ne7
{[%clk 00:37:51]} {[%emt 00:16:57]} 15. d5 {[%clk 00:50:34]} {[%emt 00:05:49]}
exd5 {[%clk 00:33:18]} {[%emt 00:05:03]} 16. cxd5 {[%clk 00:50:55]} {[%emt
00:00:09]} Ng6 {[%clk 00:30:54]} {[%emt 00:02:54]} 17. e4 {[%clk 00:45:46]}
{[%emt 00:05:39]} Re8 {[%clk 00:29:32]} {[%emt 00:01:52]} 18. Re1 {[%clk
00:37:14]} {[%emt 00:09:02]} Nf6 {[%clk 00:20:20]} {[%emt 00:09:42]} 19. Nd2
{[%clk 00:34:03]} {[%emt 00:03:40]} Rc8 {[%clk 00:15:11]} {[%emt 00:05:37]} 20.
Rc3 {[%clk 00:28:02]} {[%emt 00:06:31]} b5 {[%clk 00:09:44]} {[%emt 00:06:01]}
21. Rg3 {[%clk 00:23:09]} {[%emt 00:05:22]} c4 {[%clk 00:08:40]} {[%emt
00:01:34]} 22. Ree3 {[%clk 00:19:36]} {[%emt 00:04:01]} a5 {[%clk 00:07:08]}
{[%emt 00:02:04]} 23. Qc2 {[%clk 00:13:55]} {[%emt 00:06:09]} Nh5 {[%clk
00:04:52]} {[%emt 00:02:48]} 24. Rgf3 {[%clk 00:11:19]} {[%emt 00:03:04]} Nh4
{[%clk 00:04:27]} {[%emt 00:00:57]} 25. Rh3 {[%clk 00:10:51]} {[%emt 00:00:57]}
Nf4 {[%clk 00:04:19]} {[%emt 00:00:39]} 26. Rhg3 {[%clk 00:10:43]} {[%emt
00:00:38]} Nh5 {[%clk 00:04:19]} {[%emt 00:00:30]} 27. Rg4 {[%clk 00:10:01]}
{[%emt 00:01:11]} Ng6 {[%clk 00:03:51]} {[%emt 00:01:00]} 28. h4 {[%clk
00:08:10]} {[%emt 00:02:20]} h6 {[%clk 00:02:14]} {[%emt 00:02:06]} 29. Rf3
{[%clk 00:03:10]} {[%emt 00:05:29]} Ne5 {[%clk 00:01:24]} {[%emt 00:01:21]} 30.
Bxe5 {[%clk 00:03:02]} {[%emt 00:00:38]} Rxe5 {[%clk 00:01:53]} {[%emt
00:00:01]} 31. Qc3 {[%clk 00:02:10]} {[%emt 00:01:23]} Qd6 {[%clk 00:01:20]}
{[%emt 00:01:04]} 1/2-1/2

[Event "ODJM B 2025"]
[Site "Willingen GER"]
[Date "2025.06.08"]
[Round "1"]
[White "Gold, Finnja"]
[Black "Kanno, Clara Yumi"]
[Result "1/2-1/2"]
[Termination "normal"]
[Board "24"]
[WhiteElo "1631"]
[BlackElo "1706"]
[WhiteClock "00:35:22"]
[BlackClock "00:22:40"]
[PlyCount "97"]
[WhiteFideId "34660453"]
[BlackFideId "16259661"]
[EventCountry "GER"]
[EventRounds "9"]
[EventType "swiss"]
[EventDate "2025.06.07"]

1. e4 {[%clk 01:30:58]} {[%emt 00:00:01]} e5 {[%clk 01:30:56]} {[%emt
00:00:04]} 2. Nf3 {[%clk 01:31:22]} {[%emt 00:00:06]} Nf6 {[%clk 01:31:22]}
{[%emt 00:00:04]} 3. Nxe5 {[%clk 01:31:47]} {[%emt 00:00:06]} d6 {[%clk
01:31:46]} {[%emt 00:00:05]} 4. Nf3 {[%clk 01:32:10]} {[%emt 00:00:07]} Nxe4
{[%clk 01:32:12]} {[%emt 00:00:05]} 5. d4 {[%clk 01:32:31]} {[%emt 00:00:09]}
d5 {[%clk 01:32:37]} {[%emt 00:00:04]} 6. Bd3 {[%clk 01:32:53]} {[%emt
00:00:08]} Bf5 {[%clk 01:31:34]} {[%emt 00:01:33]} 7. Nbd2 {[%clk 01:32:39]}
{[%emt 00:00:44]} Be7 {[%clk 01:29:47]} {[%emt 00:02:16]} 8. O-O {[%clk
01:32:56]} {[%emt 00:00:14]} O-O {[%clk 01:27:57]} {[%emt 00:02:20]} 9. Re1
{[%clk 01:32:50]} {[%emt 00:00:36]} Nd6 {[%clk 01:26:58]} {[%emt 00:01:29]} 10.
Nf1 {[%clk 01:32:13]} {[%emt 00:01:07]} c6 {[%clk 01:21:18]} {[%emt 00:06:11]}
11. Bf4 {[%clk 01:26:10]} {[%emt 00:06:30]} Bxd3 {[%clk 01:19:01]} {[%emt
00:02:50]} 12. Qxd3 {[%clk 01:26:30]} {[%emt 00:00:09]} Nd7 {[%clk 01:17:47]}
{[%emt 00:01:44]} 13. c3 {[%clk 01:26:18]} {[%emt 00:00:42]} Re8 {[%clk
01:14:19]} {[%emt 00:03:58]} 14. Re2 {[%clk 01:26:03]} {[%emt 00:00:45]} Nf6
{[%clk 01:12:21]} {[%emt 00:02:29]} 15. Ng3 {[%clk 01:24:01]} {[%emt 00:02:29]}
Nfe4 {[%clk 01:00:22]} {[%emt 00:12:31]} 16. Nd2 {[%clk 01:20:15]} {[%emt
00:04:16]} Nxg3 {[%clk 00:56:51]} {[%emt 00:04:01]} 17. Bxg3 {[%clk 01:19:19]}
{[%emt 00:01:26]} Bg5 {[%clk 00:54:50]} {[%emt 00:02:30]} 18. Rae1 {[%clk
01:15:58]} {[%emt 00:03:51]} Rxe2 {[%clk 00:53:58]} {[%emt 00:01:24]} 19. Qxe2
{[%clk 01:14:38]} {[%emt 00:01:49]} g6 {[%clk 00:50:16]} {[%emt 00:04:12]} 20.
f3 {[%clk 01:01:41]} {[%emt 00:13:26]} Qd7 {[%clk 00:46:46]} {[%emt 00:04:00]}
21. Nb3 {[%clk 00:55:40]} {[%emt 00:06:31]} b6 {[%clk 00:41:29]} {[%emt
00:05:48]} 22. Qe5 {[%clk 00:52:04]} {[%emt 00:04:05]} Nf5 {[%clk 00:39:02]}
{[%emt 00:02:58]} 23. Bf2 {[%clk 00:50:29]} {[%emt 00:02:04]} Bh6 {[%clk
00:36:55]} {[%emt 00:02:34]} 24. g4 {[%clk 00:44:58]} {[%emt 00:06:05]} Nd6
{[%clk 00:33:27]} {[%emt 00:03:58]} 25. Qe7 {[%clk 00:40:47]} {[%emt 00:04:38]}
Rd8 {[%clk 00:33:00]} {[%emt 00:00:58]} 26. Bh4 {[%clk 00:38:58]} {[%emt
00:02:20]} Nb7 {[%clk 00:29:43]} {[%emt 00:03:48]} 27. Qxd7 {[%clk 00:37:16]}
{[%emt 00:02:12]} Rxd7 {[%clk 00:30:03]} {[%emt 00:00:11]} 28. Re2 {[%clk
00:33:02]} {[%emt 00:04:43]} Nd6 {[%clk 00:26:56]} {[%emt 00:03:37]} 29. Bf6
{[%clk 00:29:33]} {[%emt 00:03:57]} Kf8 {[%clk 00:25:19]} {[%emt 00:02:08]} 30.
g5 {[%clk 00:29:03]} {[%emt 00:01:00]} Bg7 {[%clk 00:25:22]} {[%emt 00:00:28]}
31. Bxg7+ {[%clk 00:29:24]} {[%emt 00:00:09]} Kxg7 {[%clk 00:25:45]} {[%emt
00:00:07]} 32. Nd2 {[%clk 00:29:25]} {[%emt 00:00:28]} Kf8 {[%clk 00:24:15]}
{[%emt 00:02:01]} 33. Kf2 {[%clk 00:28:37]} {[%emt 00:01:17]} Re7 {[%clk
00:22:49]} {[%emt 00:01:57]} 34. f4 {[%clk 00:25:48]} {[%emt 00:03:19]} Nf5
{[%clk 00:20:04]} {[%emt 00:03:15]} 35. Nf3 {[%clk 00:21:14]} {[%emt 00:05:04]}
c5 {[%clk 00:14:08]} {[%emt 00:06:27]} 36. dxc5 {[%clk 00:18:24]} {[%emt
00:03:20]} bxc5 {[%clk 00:14:06]} {[%emt 00:00:31]} 37. Rd2 {[%clk 00:17:31]}
{[%emt 00:01:23]} Rd7 {[%clk 00:12:16]} {[%emt 00:02:20]} 38. Ne5 {[%clk
00:17:37]} {[%emt 00:00:24]} Rd6 {[%clk 00:11:33]} {[%emt 00:01:11]} 39. Nd3
{[%clk 00:16:01]} {[%emt 00:02:07]} c4 {[%clk 00:10:08]} {[%emt 00:01:57]} 40.
Nb4 {[%clk 00:15:49]} {[%emt 00:00:41]} Ne7 {[%clk 00:08:49]} {[%emt 00:01:48]}
41. Ke3 {[%clk 00:15:08]} {[%emt 00:01:10]} a5 {[%clk 00:08:06]} {[%emt
00:01:15]} 42. Nc2 {[%clk 00:14:55]} {[%emt 00:00:42]} Nf5+ {[%clk 00:07:26]}
{[%emt 00:01:11]} 43. Kf2 {[%clk 00:14:50]} {[%emt 00:00:34]} Rb6 {[%clk
00:05:39]} {[%emt 00:02:18]} 44. Ne3 {[%clk 00:13:19]} {[%emt 00:01:59]} Ne7
{[%clk 00:00:47]} {[%emt 00:05:25]} 45. Ng4 {[%clk 00:11:23]} {[%emt 00:02:24]}
Kg7 {[%clk 00:26:43]} {[%emt 00:04:36]} 46. Nf6 {[%clk 00:40:07]} {[%emt
00:01:45]} h6 {[%clk 00:25:16]} {[%emt 00:01:56]} 47. Ke3 {[%clk 00:37:21]}
{[%emt 00:03:13]} Nf5+ {[%clk 00:23:54]} {[%emt 00:01:57]} 48. Kf3 {[%clk
00:36:55]} {[%emt 00:00:55]} Ne7 {[%clk 00:22:40]} {[%emt 00:01:43]} 49. Ke3
{[%clk 00:35:22]} {[%emt 00:02:04]} 1/2-1/2

[Event "ODJM B 2025"]
[Site "Willingen GER"]
[Date "2025.06.08"]
[Round "1"]
[White "Jacoby, Angelina"]
[Black "Zussner, Tim"]
[Result "1/2-1/2"]
[Termination "normal"]
[Board "26"]
[WhiteElo "1707"]
[BlackElo "1800"]
[WhiteClock "00:05:28"]
[BlackClock "00:01:08"]
[PlyCount "120"]
[WhiteFideId "12999008"]
[BlackFideId "34642765"]
[EventCountry "GER"]
[EventRounds "9"]
[EventType "swiss"]
[EventDate "2025.06.07"]

1. d4 {[%clk 01:30:57]} {[%emt 00:00:02]} Nf6 {[%clk 01:30:52]} {[%emt
00:00:08]} 2. Bf4 {[%clk 01:30:32]} {[%emt 00:00:55]} c5 {[%clk 01:31:09]}
{[%emt 00:00:12]} 3. e3 {[%clk 01:27:25]} {[%emt 00:03:38]} Qb6 {[%clk
01:30:58]} {[%emt 00:00:41]} 4. b3 {[%clk 01:22:52]} {[%emt 00:05:04]} d6
{[%clk 01:23:50]} {[%emt 00:07:38]} 5. dxc5 {[%clk 01:10:13]} {[%emt 00:13:08]}
Qxc5 {[%clk 01:20:00]} {[%emt 00:04:20]} 6. Nd2 {[%clk 01:04:51]} {[%emt
00:05:52]} g6 {[%clk 01:14:49]} {[%emt 00:05:41]} 7. Bd3 {[%clk 00:53:43]}
{[%emt 00:11:38]} Bg7 {[%clk 01:13:04]} {[%emt 00:02:14]} 8. Rc1 {[%clk
00:50:25]} {[%emt 00:03:48]} Nc6 {[%emt 00:07:51]} 9. Ne2 {[%clk 00:47:01]}
{[%emt 00:02:44]} Nd5 {[%clk 01:00:46]} {[%emt 00:06:37]} 10. O-O {[%emt
00:09:06]} Bg4 {[%emt 00:15:48]} 11. Ne4 {[%clk 00:25:13]} {[%emt 00:01:15]}
Qb6 {[%emt 00:12:29]} 12. c4 Nxf4 {[%clk 00:43:57]} {[%emt 00:07:07]} 13. exf4
{[%clk 00:21:17]} {[%emt 00:00:19]} O-O {[%clk 00:39:37]} {[%emt 00:04:50]} 14.
h3 {[%clk 00:17:22]} {[%emt 00:04:25]} Bd7 {[%clk 00:38:41]} {[%emt 00:01:25]}
15. N4c3 {[%emt 00:01:36]} Nb4 {[%clk 00:33:37]} {[%emt 00:05:33]} 16. Be4
{[%clk 00:14:46]} {[%emt 00:02:02]} Bc6 {[%clk 00:31:48]} {[%emt 00:02:20]} 17.
Bxc6 {[%clk 00:12:21]} {[%emt 00:02:54]} bxc6 {[%clk 00:31:18]} {[%emt
00:01:00]} 18. a3 {[%clk 00:07:50]} {[%emt 00:05:02]} Na6 {[%clk 00:31:37]}
{[%emt 00:00:11]} 19. b4 {[%clk 00:07:25]} {[%emt 00:00:54]} Nc7 {[%clk
00:29:32]} {[%emt 00:02:35]} 20. Qc2 {[%clk 00:06:20]} {[%emt 00:01:34]} Rfc8
{[%clk 00:28:48]} {[%emt 00:01:15]} 21. Na4 {[%clk 00:05:48]} {[%emt 00:01:02]}
Qb7 {[%clk 00:27:31]} {[%emt 00:01:47]} 22. c5 {[%clk 00:05:17]} {[%emt
00:01:02]} d5 {[%clk 00:27:09]} {[%emt 00:00:52]} 23. Rfd1 {[%clk 00:05:34]}
{[%emt 00:00:12]} Nb5 {[%emt 00:01:23]} 24. Qb3 {[%clk 00:03:24]} {[%emt
00:02:39]} Rcb8 {[%clk 00:24:55]} {[%emt 00:01:53]} 25. Qa2 {[%clk 00:02:10]}
{[%emt 00:01:43]} Qc7 {[%clk 00:23:35]} {[%emt 00:01:50]} 26. g3 {[%clk
00:02:28]} {[%emt 00:00:12]} a5 {[%clk 00:21:50]} {[%emt 00:02:15]} 27. bxa5
{[%clk 00:01:24]} {[%emt 00:01:35]} Rxa5 {[%clk 00:21:39]} {[%emt 00:00:40]}
28. Nac3 {[%clk 00:01:18]} {[%emt 00:00:36]} Rxa3 {[%clk 00:20:50]} {[%emt
00:01:19]} 29. Nxb5 {[%clk 00:01:21]} {[%emt 00:00:27]} Rxa2 {[%clk 00:21:05]}
{[%emt 00:00:15]} 30. Nxc7 {[%clk 00:01:32]} {[%emt 00:00:19]} Rxe2 {[%clk
00:21:26]} {[%emt 00:00:08]} 31. Rb1 {[%clk 00:01:17]} {[%emt 00:00:45]} Rbb2
{[%clk 00:10:22]} {[%emt 00:11:34]} 32. Rxb2 {[%clk 00:01:24]} {[%emt
00:00:24]} Rxb2 {[%clk 00:09:59]} {[%emt 00:00:53]} 33. Ne8 {[%clk 00:00:39]}
{[%emt 00:01:15]} Rc2 {[%clk 00:06:27]} {[%emt 00:04:02]} 34. Rb1 {[%clk
00:00:47]} {[%emt 00:00:22]} Rxc5 {[%clk 00:05:55]} {[%emt 00:01:02]} 35. Rb8
{[%clk 00:01:05]} {[%emt 00:00:12]} Bf8 {[%clk 00:06:15]} {[%emt 00:00:10]} 36.
g4 {[%clk 00:00:51]} {[%emt 00:00:44]} d4 {[%clk 00:04:22]} {[%emt 00:02:23]}
37. Rd8 {[%clk 00:01:02]} {[%emt 00:00:19]} Rd5 {[%clk 00:04:18]} {[%emt
00:00:34]} 38. Rxd5 {[%clk 00:01:08]} {[%emt 00:00:24]} cxd5 {[%clk 00:04:44]}
{[%emt 00:00:04]} 39. Nc7 {[%clk 00:01:12]} {[%emt 00:00:25]} e6 {[%clk
00:04:52]} {[%emt 00:00:23]} 40. Kf1 {[%clk 00:01:12]} {[%emt 00:00:30]} Bd6
{[%clk 00:02:37]} {[%emt 00:02:45]} 41. Nb5 {[%clk 00:01:05]} {[%emt 00:00:36]}
Bxf4 {[%clk 00:01:50]} {[%emt 00:01:17]} 42. Nxd4 {[%clk 00:28:33]} {[%emt
00:03:03]} Kg7 {[%clk 00:31:38]} {[%emt 00:00:41]} 43. Ke2 {[%clk 00:26:57]}
{[%emt 00:01:55]} Kf6 {[%clk 00:31:28]} {[%emt 00:00:51]} 44. Kf3 {[%clk
00:26:00]} {[%emt 00:01:27]} e5 {[%clk 00:29:54]} {[%emt 00:02:05]} 45. Nb5
{[%clk 00:24:24]} {[%emt 00:02:06]} Kg5 {[%clk 00:26:26]} {[%emt 00:03:58]} 46.
Nc3 {[%clk 00:22:29]} {[%emt 00:02:25]} d4 {[%clk 00:24:57]} {[%emt 00:01:59]}
47. Ne4+ {[%clk 00:08:51]} {[%emt 00:14:08]} Kh6 {[%clk 00:22:21]} {[%emt
00:03:06]} 48. Nd6 {[%clk 00:08:34]} {[%emt 00:00:46]} Kg7 {[%emt 00:03:28]}
49. Ne8+ {[%clk 00:07:22]} Kf8 {[%clk 00:20:47]} {[%emt 00:00:48]} 50. Nf6
{[%clk 00:07:25]} {[%emt 00:00:28]} Ke7 {[%clk 00:14:39]} {[%emt 00:06:38]} 51.
Nxh7 {[%clk 00:05:14]} {[%emt 00:02:40]} f6 {[%clk 00:11:14]} {[%emt 00:03:55]}
52. h4 {[%clk 00:05:27]} {[%emt 00:00:17]} Kf7 {[%clk 00:10:29]} {[%emt
00:01:16]} 53. g5 {[%clk 00:05:19]} {[%emt 00:00:38]} fxg5 {[%clk 00:07:30]}
{[%emt 00:03:29]} 54. Nxg5+ {[%clk 00:04:23]} {[%emt 00:01:25]} Bxg5 {[%clk
00:07:14]} {[%emt 00:00:46]} 55. hxg5 {[%clk 00:04:50]} {[%emt 00:00:04]} Ke6
{[%clk 00:06:49]} {[%emt 00:00:55]} 56. Ke4 {[%clk 00:05:12]} {[%emt 00:00:08]}
d3 {[%clk 00:03:06]} {[%emt 00:04:13]} 57. Kxd3 {[%clk 00:05:30]} {[%emt
00:00:12]} Kf5 {[%clk 00:03:30]} {[%emt 00:00:06]} 58. Ke3 {[%clk 00:05:12]}
{[%emt 00:00:47]} Kxg5 {[%clk 00:01:44]} {[%emt 00:02:16]} 59. Ke4 {[%clk
00:05:14]} {[%emt 00:00:28]} Kf6 {[%clk 00:01:19]} {[%emt 00:00:55]} 60. f4
{[%clk 00:05:28]} {[%emt 00:00:16]} exf4 {[%clk 00:01:08]} {[%emt 00:00:38]}
1/2-1/2

[Event "ODJM B 2025"]
[Site "Willingen GER"]
[Date "2025.06.08"]
[Round "1"]
[White "Christen, Jan"]
[Black "Ebel, Felix"]
[Result "1-0"]
[Termination "normal"]
[Board "27"]
[WhiteElo "1809"]
[BlackElo "1605"]
[WhiteClock "00:07:29"]
[BlackClock "00:36:26"]
[PlyCount "75"]
[WhiteFideId "34643320"]
[BlackFideId "34651446"]
[EventCountry "GER"]
[EventRounds "9"]
[EventType "swiss"]
[EventDate "2025.06.07"]

1. d4 {[%clk 01:30:50]} {[%emt 00:00:08]} Nf6 {[%clk 01:30:53]} {[%emt
00:00:08]} 2. c4 {[%clk 01:30:50]} {[%emt 00:00:29]} e6 {[%clk 01:30:58]}
{[%emt 00:00:27]} 3. Nf3 {[%clk 01:30:43]} {[%emt 00:00:37]} d5 {[%clk
01:31:05]} {[%emt 00:00:23]} 4. g3 {[%clk 01:29:48]} {[%emt 00:01:24]} Nc6
{[%clk 01:28:20]} {[%emt 00:03:16]} 5. cxd5 {[%clk 01:23:28]} {[%emt 00:06:48]}
exd5 {[%clk 01:28:04]} {[%emt 00:00:47]} 6. Bg2 {[%clk 01:23:12]} {[%emt
00:00:46]} Bf5 {[%clk 01:25:28]} {[%emt 00:03:06]} 7. a3 {[%clk 01:19:39]}
{[%emt 00:04:04]} Be7 {[%clk 01:23:19]} {[%emt 00:02:39]} 8. O-O {[%clk
01:18:19]} {[%emt 00:01:49]} Qd7 {[%clk 01:22:46]} {[%emt 00:01:04]} 9. Nc3
{[%clk 01:05:10]} {[%emt 00:13:39]} Bh3 {[%clk 01:21:37]} {[%emt 00:01:38]} 10.
Ne5 {[%clk 01:01:29]} {[%emt 00:04:11]} Qe6 {[%clk 01:16:08]} {[%emt 00:05:59]}
11. Nb5 {[%clk 00:54:35]} {[%emt 00:07:23]} Bd8 {[%clk 01:12:09]} {[%emt
00:04:29]} 12. Nd3 {[%clk 00:43:29]} {[%emt 00:11:36]} a6 {[%clk 01:10:22]}
{[%emt 00:02:19]} 13. Nf4 {[%clk 00:40:14]} {[%emt 00:03:44]} Qe7 {[%clk
01:06:26]} {[%emt 00:04:26]} 14. Nxc7+ {[%clk 00:38:45]} {[%emt 00:01:58]} Bxc7
{[%clk 01:06:23]} {[%emt 00:00:33]} 15. Nxh3 {[%clk 00:37:47]} {[%emt
00:01:28]} O-O {[%clk 01:06:35]} {[%emt 00:00:19]} 16. Bf4 {[%clk 00:32:35]}
{[%emt 00:05:41]} Bb6 {[%clk 01:06:32]} {[%emt 00:00:35]} 17. e3 {[%clk
00:32:37]} {[%emt 00:00:27]} h6 {[%clk 01:06:39]} {[%emt 00:00:24]} 18. Qb3
{[%clk 00:30:52]} {[%emt 00:02:13]} Bd8 {[%clk 01:04:59]} {[%emt 00:02:11]} 19.
Bxd5 {[%clk 00:26:54]} {[%emt 00:04:28]} Qd7 {[%clk 01:00:58]} {[%emt
00:04:30]} 20. Bxc6 {[%clk 00:26:44]} {[%emt 00:00:41]} bxc6 {[%clk 01:00:22]}
{[%emt 00:01:06]} 21. Kg2 {[%clk 00:24:45]} {[%emt 00:02:29]} Ne4 {[%clk
00:54:46]} {[%emt 00:06:07]} 22. Rfd1 {[%clk 00:21:43]} {[%emt 00:03:31]} Ba5
{[%clk 00:51:28]} {[%emt 00:03:48]} 23. Qc2 {[%clk 00:18:57]} {[%emt 00:03:15]}
Nd2 {[%clk 00:50:01]} {[%emt 00:01:58]} 24. e4 {[%clk 00:17:31]} {[%emt
00:01:56]} Nf3 {[%clk 00:48:02]} {[%emt 00:02:29]} 25. Kxf3 {[%clk 00:15:49]}
{[%emt 00:02:12]} Qxh3 {[%clk 00:48:24]} {[%emt 00:00:08]} 26. b4 {[%clk
00:15:40]} {[%emt 00:00:39]} Bb6 {[%clk 00:44:31]} {[%emt 00:04:24]} 27. Qxc6
{[%clk 00:15:27]} {[%emt 00:00:42]} Ba7 {[%clk 00:44:10]} {[%emt 00:00:52]} 28.
Be3 {[%clk 00:12:23]} {[%emt 00:03:32]} f5 {[%clk 00:43:39]} {[%emt 00:01:02]}
29. e5 {[%clk 00:09:22]} {[%emt 00:03:31]} g5 {[%clk 00:40:57]} {[%emt
00:03:12]} 30. Ke2 {[%clk 00:07:22]} {[%emt 00:02:29]} Rac8 {[%clk 00:39:06]}
{[%emt 00:02:22]} 31. Qe6+ {[%clk 00:07:15]} {[%emt 00:00:37]} Kh8 {[%clk
00:38:47]} {[%emt 00:00:49]} 32. Rac1 {[%clk 00:07:27]} {[%emt 00:00:18]} Rxc1
{[%clk 00:37:47]} {[%emt 00:01:30]} 33. Rxc1 {[%clk 00:07:46]} {[%emt
00:00:11]} Qg4+ {[%clk 00:37:31]} {[%emt 00:00:45]} 34. f3 {[%clk 00:07:14]}
{[%emt 00:01:02]} Qh3 {[%clk 00:37:54]} {[%emt 00:00:08]} 35. Rc8 {[%clk
00:06:58]} {[%emt 00:00:46]} Qxh2+ {[%clk 00:38:08]} {[%emt 00:00:16]} 36. Bf2
{[%clk 00:07:01]} {[%emt 00:00:26]} Bxd4 {[%clk 00:35:59]} {[%emt 00:02:40]}
37. Rxf8+ {[%clk 00:07:16]} {[%emt 00:00:14]} Kg7 {[%clk 00:36:26]} {[%emt
00:00:04]} 38. Qf7# {[%clk 00:07:29]} {[%emt 00:00:17]} 1-0